01016nac a22002891i 4500003000900000005001700009008004100026020001800067020001500085040004300100082001700143245006300160250002100223264004000244300004600284336002600330337002800356338002700384504005100411650004500462653001100507655001700518700003100535942001200566999001700578952013100595EG-ScBUE20230522105240.0230522r20062002nyua f b 001 0 eng d a9788181284563 a8181284569 aEG-ScBUEbengerdacEG-ScBUEdEG-ScBUE04a530bHAN22200aHandbook of physics /cWalter Benenson, [and three others] aReprint edition. 1aNew York :bSpringer-Verlag,c2006. axxv, 1181 pages :billustrations ;c25 cm 2rdacontentatextbtxt 2rdamediaaunmediatedbn 2rdacarrieravolumebnc aIncludes bibliographical references and index. 7aPhysicsvHandbooks, manuals, etc.2BUEsh bENGGEN vReading book1 aBenenson, Walter,eauthor. cBB2ddc c30435d30406 00102ddc40708Donation-GaMAINbMAINc1STd2023-05-22eDonationl0o530 HANp000056715r2025-07-15 00:00:00w2023-05-22yBB